000 00378cam a22001217a 4500
008 180718b1987 xxu||||| |||| 00| 0 eng d
082 _aI513 K162t
100 _aKaufman, Herbert
245 _aTime, chance, and organizations: natural selection in a perilous environment
_cby Herbert Kaufman
260 _aNew Delhi
_bAsian Books
_c1987
300 _a180p.
650 _aOrganisation
999 _c493156
_d493156